[Event "Berkshire Berks & Bucks op-B"]
[Site "Berkshire"]
[Date "2023.08.27"]
[Round "4"]
[White "Milnes, Anthony CP"]
[Black "Sharma, Josh"]
[Result "0-1"]
[WhiteElo "1943"]
[BlackElo "1618"]
[PlyCount "104"]
[EventDate "2023.08.26"]
[EventType "swiss"]
[EventRounds "6"]
[EventCountry "ENG"]
[SourceTitle "EXT 2024"]
[Source "ChessBase"]
[SourceDate "2023.10.10"]
[SourceVersion "1"]
[SourceVersionDate "2023.10.10"]
[SourceQuality "1"]

1. f4 Nf6 2. Nf3 g6 3. e3 Bg7 4. Be2 0-0 5. 0-0 d5 6. d3 c5 7. Nc3 Nc6 8. Ne5 Qc7 9. Nxc6 Qxc6 10. Bf3 Rd8 11. Qe1 Qc7 12. e4 d4 13. Nd1 Rb8 14. Qh4 b5 15. Nf2 c4 16. g4 Nd7 17. g5 Nc5 18. Bg4 Bxg4 19. Qxg4 cxd3 20. cxd3 Qb7 21. b3 b4 22. f5 Qb5 23. Bf4 Rbc8 24. Rac1 e5 25. Bd2 Bf8 26. Rc4 Nd7 27. fxg6 hxg6 28. Qf3 Rxc4 29. dxc4 Qc6 30. Nd3 Qe6 31. Bxb4 Bxb4 32. Nxb4 Qe7 33. Nd5 Qxg5+ 34. Kh1 Rf8 35. Rg1 Qd8 36. Rg4 Kg7 37. Rg1 Nf6 38. b4 Nxd5 39. exd5 f5 40. Qg2 Qf6 41. c5 e4 42. Rc1 Qe5 43. d6 f4 44. d7 f3 45. Qg3 Qxg3 46. hxg3 Kf6 47. Rc4 Ke5 48. c6 f2 49. Rc1 Kd6 50. b5 f1Q+ 51. Rxf1 Rxf1+ 52. Kg2 Rf8 0-1

[Event "Berkshire Berks & Bucks op-B"]
[Site "Berkshire"]
[Date "2023.08.26"]
[Round "2"]
[White "Milnes, Anthony CP"]
[Black "Ivan, Austin"]
[Result "0-1"]
[WhiteElo "1943"]
[BlackElo "1584"]
[PlyCount "56"]
[EventDate "2023.08.26"]
[EventType "swiss"]
[EventRounds "6"]
[EventCountry "ENG"]
[SourceTitle "EXT 2024"]
[Source "ChessBase"]
[SourceDate "2023.10.10"]
[SourceVersion "1"]
[SourceVersionDate "2023.10.10"]
[SourceQuality "1"]

1. f4 f5 2. e4 fxe4 3. d3 exd3 4. Bxd3 Nf6 5. Nf3 Nc6 6. Ng5 d6 7. Nxh7 Nxh7 8. Qh5+ Kd7 9. Bxh7 e6 10. 0-0 Qf6 11. f5 Qd4+ 12. Kh1 Be7 13. fxe6+ Kd8 14. Qg6 Qh4 15. Qxg7 Qxh7 16. Qxh7 Rxh7 17. Nc3 Bxe6 18. Be3 Kd7 19. Nb5 a6 20. Nd4 Nxd4 21. Bxd4 Rg8 22. Rf2 Bh4 23. Rd2 Rf7 24. Bg1 Rgf8 25. g3 Bg5 26. Rd3 Bc4 27. h4 Bxd3 28. hxg5 Rh7+ 0-1

[Event "GBR-ch 65+ 106th"]
[Site "Torquay"]
[Date "2019.07.31"]
[Round "3"]
[White "Milnes, Anthony CP"]
[Black "Page, Mark"]
[Result "0-1"]
[WhiteElo "1974"]
[BlackElo "2102"]
[PlyCount "88"]
[EventDate "2019.07.29"]
[EventType "swiss"]
[EventRounds "7"]
[EventCountry "ENG"]
[SourceTitle "EXT 2020"]
[Source "ChessBase"]
[SourceDate "2019.10.17"]
[SourceVersion "1"]
[SourceVersionDate "2019.10.17"]
[SourceQuality "1"]

1. f4 c5 2. Nf3 Nc6 3. e4 g6 4. Nc3 Bg7 5. Bb5 Nd4 6. 0-0 e6 7. Nxd4 cxd4 8. Ne2 Ne7 9. Bd3 d5 10. c3 dxe4 11. Bxe4 0-0 12. cxd4 Bxd4+ 13. Kh1 Bg7 14. Nc3 Rb8 15. d3 Nc6 16. Be3 Nd4 17. Ne2 b5 18. Nxd4 Bxd4 19. Qd2 Bb7 20. Rfd1 Qb6 21. Bxd4 Qxd4 22. Qc3 Rfd8 23. Re1 Qxc3 24. bxc3 Bxe4 25. dxe4 Rbc8 26. Re3 Rd2 27. h3 Rc4 28. Rb1 Ra4 29. Rxb5 Raxa2 30. Rg3 Re2 31. Re5 a5 32. c4 a4 33. c5 Rac2 34. h4 a3 35. Rxa3 Rxg2 36. Rg5 Rh2+ 37. Kg1 Rhe2 38. Rf3 Rxe4 39. h5 Kf8 40. hxg6 hxg6 41. Rf2 Rxf2 42. Kxf2 Rxf4+ 43. Ke3 Rf5 44. Rxf5 gxf5 0-1

[Event "ENG-ch Seniors 65"]
[Site "Solihull"]
[Date "2019.04.06"]
[Round "5"]
[White "Crombleholme, Alan K"]
[Black "Milnes, Anthony CP"]
[Result "1/2-1/2"]
[WhiteElo "1941"]
[BlackElo "1997"]
[PlyCount "50"]
[EventDate "2019.04.04"]
[EventType "swiss"]
[EventRounds "6"]
[EventCountry "ENG"]
[SourceTitle "CBM 190 Extra"]
[Source "ChessBase"]
[SourceDate "2019.07.15"]
[SourceVersion "1"]
[SourceVersionDate "2019.07.15"]
[SourceQuality "1"]

1. d4 e6 2. Nf3 f5 3. g3 Nf6 4. Bg2 Be7 5. c4 0-0 6. 0-0 Ne4 7. Qc2 d6 8. Nbd2 Nxd2 9. Bxd2 Qe8 10. e4 Qg6 11. Rfe1 fxe4 12. Qxe4 Qxe4 13. Rxe4 Bf6 14. Rae1 Nc6 15. Bc3 d5 16. cxd5 exd5 17. R4e3 Bf5 18. Ne5 Rfd8 19. f4 Nxe5 20. fxe5 Bg5 21. R3e2 c6 22. Rf2 Be6 23. Bb4 Re8 24. h4 Be7 25. Bxe7 Rxe7 1/2-1/2

[Event "ENG-ch Seniors 65"]
[Site "Solihull"]
[Date "2019.04.06"]
[Round "4"]
[White "Milnes, Anthony CP"]
[Black "Taylor, Robert P"]
[Result "1-0"]
[WhiteElo "1997"]
[BlackElo "1659"]
[PlyCount "49"]
[EventDate "2019.04.04"]
[EventType "swiss"]
[EventRounds "6"]
[EventCountry "ENG"]
[SourceTitle "CBM 190 Extra"]
[Source "ChessBase"]
[SourceDate "2019.07.15"]
[SourceVersion "1"]
[SourceVersionDate "2019.07.15"]
[SourceQuality "1"]

1. f4 d5 2. Nf3 Nc6 3. d4 Bf5 4. e3 e6 5. Be2 Nf6 6. 0-0 Be7 7. b3 Ne4 8. c4 0-0 9. Bd2 a5 10. c5 b6 11. cxb6 cxb6 12. Nc3 Nxd2 13. Qxd2 Nb4 14. Rfc1 Rc8 15. Ne5 Nc6 16. Bd3 Bxd3 17. Nxd3 Ba3 18. Rf1 Nb4 19. Nb5 Rc2 20. Qd1 Bb2 21. Nxb4 axb4 22. Qxc2 Bxa1 23. Rxa1 Qd7 24. a4 bxa3 25. Nxa3 1-0

[Event "BCF-ch Seniors 65"]
[Site "Hull"]
[Date "2018.07.31"]
[Round "3"]
[White "Feavyour, John"]
[Black "Milnes, Anthony CP"]
[Result "1/2-1/2"]
[WhiteElo "1980"]
[BlackElo "2025"]
[PlyCount "48"]
[EventDate "2018.07.29"]
[EventType "swiss"]
[EventRounds "7"]
[EventCountry "ENG"]
[SourceTitle "CBM 185 Extra"]
[Source "ChessBase"]
[SourceDate "2018.07.29"]
[SourceVersion "1"]
[SourceVersionDate "2018.07.29"]
[SourceQuality "1"]

1. d4 e6 2. Bf4 f5 3. e3 Nf6 4. h3 b6 5. Nf3 Bb7 6. Bd3 Be7 7. Nbd2 0-0 8. Qe2 Ne4 9. 0-0-0 d6 10. Rhg1 Nd7 11. g4 Ndf6 12. gxf5 exf5 13. Ng5 Nxg5 14. Bxg5 Ne4 15. Bf4 Bh4 16. Nxe4 fxe4 17. Qg4 Qe7 18. Bc4+ Kh8 19. Be6 Bc8 20. Bxc8 Raxc8 21. Rg2 Bf6 22. Rdg1 Rce8 23. Qh5 Qf7 24. Qxf7 Rxf7 1/2-1/2

[Event "BCF-ch Seniors 65"]
[Site "Hull"]
[Date "2018.07.30"]
[Round "2"]
[White "Milnes, Anthony CP"]
[Black "Kendall, Paul SN"]
[Result "1/2-1/2"]
[WhiteElo "2025"]
[BlackElo "1955"]
[PlyCount "26"]
[EventDate "2018.07.29"]
[EventType "swiss"]
[EventRounds "7"]
[EventCountry "ENG"]
[SourceTitle "CBM 185 Extra"]
[Source "ChessBase"]
[SourceDate "2018.07.29"]
[SourceVersion "1"]
[SourceVersionDate "2018.07.29"]
[SourceQuality "1"]

1. f4 g6 2. Nf3 d5 3. e3 Bg7 4. Be2 Nf6 5. 0-0 0-0 6. d3 b6 7. Ne5 Bb7 8. Bf3 Nbd7 9. Nxd7 Qxd7 10. Nc3 c5 11. Qe1 d4 12. Nd1 dxe3 13. Nxe3 Bxf3 1/2-1/2

[Event "Guernsey op 43rd"]
[Site "Vale"]
[Date "2017.10.18"]
[Round "4"]
[White "Milnes, Anthony CP"]
[Black "Shaw, Meyrick"]
[Result "1-0"]
[WhiteElo "2041"]
[BlackElo "1954"]
[PlyCount "57"]
[EventDate "2017.10.15"]
[EventType "swiss"]
[EventRounds "7"]
[EventCountry "GCI"]
[SourceTitle "CBM 181 Extra"]
[Source "ChessBase"]
[SourceDate "2017.12.12"]
[SourceVersion "1"]
[SourceVersionDate "2017.12.12"]
[SourceQuality "1"]

1. f4 d5 2. Nf3 e6 3. e3 Nf6 4. Be2 Bc5 5. 0-0 Nc6 6. d4 Bb6 7. b3 Ne7 8. c4 c5 9. Nc3 Bd7 10. Bd3 Bc6 11. cxd5 Nexd5 12. Nxd5 Qxd5 13. Bc4 Qe4 14. Bd3 Qd5 15. Bc4 Qd8 16. Bb2 Ng4 17. Qe2 Qc7 18. Ne5 Nxe5 19. dxe5 0-0 20. e4 Ba5 21. f5 exf5 22. exf5 Rad8 23. Rad1 Rxd1 24. Rxd1 Rd8 25. Rxd8+ Qxd8 26. e6 Kf8 27. Qh5 Be8 28. exf7 Bc6 29. f6 1-0

[Event "BCF-ch Seniors 65"]
[Site "Llandudno"]
[Date "2017.07.31"]
[Round "2"]
[White "Milnes, Anthony CP"]
[Black "James, Geoffrey H"]
[Result "1/2-1/2"]
[WhiteElo "2002"]
[BlackElo "2181"]
[PlyCount "52"]
[EventDate "2017.07.30"]
[EventType "swiss"]
[EventRounds "7"]
[EventCountry "WLS"]
[SourceTitle "CBM 179 Extra"]
[Source "ChessBase"]
[SourceDate "2017.08.23"]
[SourceVersion "1"]
[SourceVersionDate "2017.08.23"]
[SourceQuality "1"]

1. f4 d5 2. Nf3 c5 3. e3 Nc6 4. Bb5 Bd7 5. 0-0 g6 6. d3 Nf6 7. Nc3 Bg7 8. Bxc6 Bxc6 9. Ne5 Qc7 10. Qe2 0-0 11. Nxc6 Qxc6 12. e4 e6 13. Bd2 b5 14. Rae1 b4 15. Nd1 a5 16. Nf2 c4 17. e5 Nd7 18. d4 c3 19. bxc3 bxc3 20. Be3 Rab8 21. Nd3 f5 22. h4 h5 23. Rb1 Qc4 24. Qe1 Rfc8 25. Rxb8 Rxb8 26. Qa1 a4 1/2-1/2

[Event "Guernsey op 42nd"]
[Site "Vale"]
[Date "2016.10.21"]
[Round "6"]
[White "Milnes, Anthony CP"]
[Black "Hewson, Brian Wr"]
[Result "0-1"]
[WhiteElo "2019"]
[BlackElo "2068"]
[PlyCount "70"]
[EventDate "2016.10.16"]
[EventType "swiss"]
[EventRounds "7"]
[EventCountry "GCI"]
[SourceTitle "CBM 175 Extra"]
[Source "ChessBase"]
[SourceDate "2016.12.12"]
[SourceVersion "1"]
[SourceVersionDate "2016.12.12"]
[SourceQuality "1"]

1. f4 Nf6 2. Nf3 c5 3. e3 d6 4. Be2 Nc6 5. d3 e5 6. fxe5 dxe5 7. e4 Be7 8. 0-0 0-0 9. Nc3 Be6 10. Bg5 Ng4 11. Bxe7 Nxe7 12. Qd2 Ng6 13. h3 Nf6 14. Qe3 Rc8 15. Rf2 a6 16. Kh2 h6 17. Rg1 Bg4 18. Nd2 Qd4 19. Nd1 Bxe2 20. Rxe2 Qa4 21. Nc3 Qd4 22. g3 Qxe3 23. Rxe3 Rfd8 24. Nf3 b5 25. g4 c4 26. h4 cxd3 27. cxd3 b4 28. Nd5 Rc2+ 29. Kg3 Nxd5 30. exd5 Rxd5 31. h5 Nf4 32. Rge1 Rg2+ 33. Kh4 f6 34. d4 Rxb2 35. dxe5 Ng2+ 0-1

[Event "Guernsey op 42nd"]
[Site "Vale"]
[Date "2016.10.16"]
[Round "1"]
[White "Murray, John Stephen"]
[Black "Milnes, Anthony CP"]
[Result "0-1"]
[WhiteElo "1795"]
[BlackElo "2019"]
[PlyCount "80"]
[EventDate "2016.10.16"]
[EventType "swiss"]
[EventRounds "7"]
[EventCountry "GCI"]
[SourceTitle "CBM 175 Extra"]
[Source "ChessBase"]
[SourceDate "2016.12.12"]
[SourceVersion "1"]
[SourceVersionDate "2016.12.12"]
[SourceQuality "1"]

1. e4 e6 2. d4 d5 3. Nd2 Nc6 4. Ngf3 Nf6 5. e5 Nd7 6. Bb5 a6 7. Bxc6 bxc6 8. Nb3 c5 9. Bg5 Be7 10. Na5 Nb8 11. Bxe7 Qxe7 12. 0-0 0-0 13. Nb3 cxd4 14. Qxd4 Nd7 15. Rfe1 c5 16. Qd2 Rb8 17. Rab1 Bb7 18. Qe2 Qd8 19. Nbd2 Qa5 20. a3 Bc6 21. c4 d4 22. Ne4 Rb3 23. Nfd2 Rb6 24. f4 Rfb8 25. Nf3 Bxe4 26. Qxe4 Rxb2 27. Ng5 Nf8 28. Qd3 Qc3 29. Qxc3 dxc3 30. Rxb2 cxb2 31. Rb1 Ng6 32. g3 Ne7 33. Ne4 Nf5 34. Nxc5 Ne3 35. Nd3 Nxc4 36. Kf2 f6 37. exf6 gxf6 38. Ke2 Rb3 39. g4 Rxa3 40. Nxb2 Rb3 0-1

[Event "Muret op Seniors"]
[Site "Muret"]
[Date "2016.06.23"]
[Round "4"]
[White "Milnes, Anthony CP"]
[Black "Lecoultre, Patrick"]
[Result "1-0"]
[WhiteElo "2031"]
[BlackElo "1672"]
[PlyCount "77"]
[EventDate "2016.06.20"]
[EventType "swiss"]
[EventRounds "7"]
[EventCountry "FRA"]
[SourceTitle "EXT 2017"]
[Source "ChessBase"]
[SourceDate "2016.10.25"]
[SourceVersion "1"]
[SourceVersionDate "2016.10.25"]
[SourceQuality "1"]

1. f4 d5 2. Nf3 g6 3. e3 Bg7 4. Be2 Nf6 5. 0-0 c5 6. d3 Nc6 7. Nc3 0-0 8. Ne5 Qc7 9. Nxc6 bxc6 10. e4 c4 11. Qe1 Bg4 12. e5 Bxe2 13. Nxe2 cxd3 14. cxd3 Ng4 15. Qh4 Qb6+ 16. d4 Nh6 17. Qxe7 Nf5 18. Qc5 Rfe8 19. g4 Nd6 20. Nc3 Nc4 21. b3 Qa6 22. Qb4 Nb6 23. Nd1 Bf8 24. Qe1 Qc8 25. Qg3 c5 26. Be3 cxd4 27. Bxd4 Bc5 28. Bxc5 Qxc5+ 29. Nf2 d4 30. Ne4 Qc2 31. Nf6+ Kg7 32. Nxe8+ Rxe8 33. f5 Qc5 34. f6+ Kg8 35. Rac1 Qxe5 36. Qxe5 Rxe5 37. Rfe1 Rxe1+ 38. Rxe1 h5 39. Re8+ 1-0

[Event "Muret op Seniors"]
[Site "Muret"]
[Date "2016.06.20"]
[Round "1"]
[White "Parpinel, Mario"]
[Black "Milnes, Anthony CP"]
[Result "0-1"]
[WhiteElo "1591"]
[BlackElo "2031"]
[PlyCount "94"]
[EventDate "2016.06.20"]
[EventType "swiss"]
[EventRounds "7"]
[EventCountry "FRA"]
[SourceTitle "EXT 2017"]
[Source "ChessBase"]
[SourceDate "2016.10.25"]
[SourceVersion "1"]
[SourceVersionDate "2016.10.25"]
[SourceQuality "1"]

1. e4 e6 2. d4 d5 3. e5 c5 4. c3 Nc6 5. Bb5 Qb6 6. Bxc6+ bxc6 7. Nf3 Ba6 8. Qb3 cxd4 9. Nxd4 Ne7 10. Be3 Bc4 11. Qxb6 axb6 12. b3 Ba6 13. Nd2 c5 14. N4f3 Nf5 15. Bf4 Be7 16. a4 0-0 17. g4 Nh6 18. h3 Kh8 19. Ng5 b5 20. a5 b4 21. cxb4 cxb4 22. Be3 Rfc8 23. Ngf3 Bc5 24. Rg1 Ra7 25. Bxc5 Rxc5 26. Nd4 Bb7 27. f4 Rcxa5 28. Rb1 Ra2 29. N4f3 Ba6 30. Kf2 Bd3 31. Rbc1 R7a3 32. Rc8+ Ng8 33. Ng5 h6 34. Nxf7+ Kh7 35. Ke3 Bg6 36. Nd6 d4+ 37. Ke2 Rxb3 38. f5 exf5 39. Nxf5 Rc3 40. Rd8 Bxf5 41. Rxd4 Bc8 42. g5 Ba6+ 43. Kf2 Rd3 44. g6+ Kh8 45. Rxd3 Bxd3 46. Ke3 Bc2 47. e6 Ra6 0-1

[Event "Muret Seniors op 14th"]
[Site "Muret"]
[Date "2015.06.26"]
[Round "5"]
[White "Dragojlovic, Andjelko"]
[Black "Milnes, Anthony CP"]
[Result "1-0"]
[WhiteElo "2331"]
[BlackElo "2022"]
[PlyCount "61"]
[EventDate "2015.06.22"]
[EventType "swiss"]
[EventRounds "7"]
[EventCountry "FRA"]
[SourceTitle "EXT 2016"]
[Source "ChessBase"]
[SourceDate "2015.10.08"]
[SourceVersion "1"]
[SourceVersionDate "2015.10.08"]
[SourceQuality "1"]

1. Nf3 e6 2. g3 f5 3. Bg2 Nf6 4. 0-0 Be7 5. d3 0-0 6. Nbd2 d6 7. e4 fxe4 8. dxe4 e5 9. c3 Qe8 10. h3 Nc6 11. Re1 Qh5 12. g4 Qe8 13. Nf1 Nd8 14. Ng3 Ne6 15. Nf5 g6 16. Ng3 Nf4 17. Bxf4 exf4 18. Ne2 Nd7 19. Qd2 Qf7 20. Qd5 c6 21. Qxf7+ Rxf7 22. Ned4 Ne5 23. Rad1 Bd7 24. Bf1 Kh8 25. Nxe5 dxe5 26. Nf3 Bf6 27. Rd6 Raf8 28. Red1 Bc8 29. Bc4 Re7 30. Rxf6 Rxf6 31. Rd8+ 1-0

[Event "Muret Seniors op 14th"]
[Site "Muret"]
[Date "2015.06.22"]
[Round "3"]
[White "Ljubisavljevic, Zivojin Z"]
[Black "Milnes, Anthony CP"]
[Result "1/2-1/2"]
[WhiteElo "2195"]
[BlackElo "2022"]
[PlyCount "35"]
[EventDate "2015.06.22"]
[EventType "swiss"]
[EventRounds "7"]
[EventCountry "FRA"]
[SourceTitle "EXT 2016"]
[Source "ChessBase"]
[SourceDate "2015.10.08"]
[SourceVersion "1"]
[SourceVersionDate "2015.10.08"]
[SourceQuality "1"]

1. d4 e6 2. Nf3 f5 3. Nc3 Nf6 4. Bg5 Bb4 5. g3 0-0 6. Bg2 d6 7. 0-0 Bxc3 8. bxc3 Qe8 9. Bxf6 Rxf6 10. c4 Nc6 11. Rb1 e5 12. e3 e4 13. Nd2 Na5 14. f3 exf3 15. Bxf3 Be6 16. d5 Bd7 17. e4 fxe4 18. Bxe4 1/2-1/2

[Event "Muret Seniors op 14th"]
[Site "Muret"]
[Date "2015.06.22"]
[Round "6"]
[White "Milnes, Anthony CP"]
[Black "Riviere, Gerard"]
[Result "1-0"]
[WhiteElo "2022"]
[BlackElo "1837"]
[PlyCount "103"]
[EventDate "2015.06.22"]
[EventType "swiss"]
[EventRounds "7"]
[EventCountry "FRA"]
[SourceTitle "EXT 2016"]
[Source "ChessBase"]
[SourceDate "2015.10.08"]
[SourceVersion "1"]
[SourceVersionDate "2015.10.08"]
[SourceQuality "1"]

1. f4 g6 2. Nf3 Bg7 3. e4 c5 4. Nc3 Nc6 5. Bb5 Nd4 6. 0-0 a6 7. Bd3 e6 8. f5 Ne7 9. Nxd4 Bxd4+ 10. Kh1 Nc6 11. Ne2 Be5 12. Nf4 exf5 13. exf5 d5 14. c3 Qd6 15. Qf3 Bxf4 16. Qxf4 Qxf4 17. Rxf4 Ne5 18. Bc2 gxf5 19. Bxf5 Be6 20. d4 cxd4 21. cxd4 Nc4 22. b3 Nd6 23. Bd3 Rc8 24. Bb2 h5 25. Re1 Kd7 26. Re5 Rce8 27. h4 Reg8 28. Be2 Ne4 29. Kh2 Ng3 30. Bf3 Nf1+ 31. Kg1 Ng3 32. Kf2 Nh1+ 33. Ke1 Rg4 34. Bxg4 hxg4 35. Rxe6 fxe6 36. Rxg4 Rf8 37. h5 Nf2 38. Rg7+ Kc6 39. Ba3 Rf6 40. Be7 Rf5 41. h6 Ne4 42. g4 Rf2 43. h7 Rh2 44. g5 Rh1+ 45. Ke2 Ng3+ 46. Kf3 Nf5 47. Rf7 Rf1+ 48. Ke2 Ng3+ 49. Kd3 Rxf7 50. h8Q Rxe7 51. Qc8+ Kd6 52. Qd8+ 1-0

[Event "Muret Seniors op 14th"]
[Site "Muret"]
[Date "2015.06.22"]
[Round "7"]
[White "Milnes, Anthony CP"]
[Black "Ruch, Bernard"]
[Result "0-1"]
[WhiteElo "2022"]
[BlackElo "1981"]
[PlyCount "82"]
[EventDate "2015.06.22"]
[EventType "swiss"]
[EventRounds "7"]
[EventCountry "FRA"]
[SourceTitle "EXT 2016"]
[Source "ChessBase"]
[SourceDate "2015.10.08"]
[SourceVersion "1"]
[SourceVersionDate "2015.10.08"]
[SourceQuality "1"]

1. f4 d5 2. Nf3 c5 3. e3 Nc6 4. Bb5 f6 5. 0-0 e6 6. d3 a6 7. Bxc6+ bxc6 8. e4 Be7 9. Qe1 Nh6 10. Qg3 0-0 11. Nc3 Nf7 12. b3 e5 13. fxe5 fxe5 14. Na4 c4 15. bxc4 dxc4 16. dxc4 Be6 17. Be3 Qa5 18. Nb2 Qc3 19. Nd3 Qxc4 20. Nfxe5 Qxe4 21. Nxf7 Bxf7 22. Qe5 Qxe5 23. Nxe5 Bd5 24. c4 Be4 25. Nd7 Rxf1+ 26. Rxf1 Rd8 27. Nc5 Bd3 28. Nxd3 Rxd3 29. Kf2 Ra3 30. Re1 Rxa2+ 31. Re2 Rxe2+ 32. Kxe2 Kf7 33. Kd3 Ke6 34. Kc3 a5 35. Kb3 Ke5 36. Bb6 Ke4 37. Ka4 Kd3 38. Kb3 h5 39. h3 Bf6 40. Bc7 Bc3 41. Bd8 a4+ 0-1

[Event "BCF-ch Seniors"]
[Site "Aberystwyth"]
[Date "2014.08.01"]
[Round "7"]
[White "Van Kemenade, Rudy"]
[Black "Milnes, Anthony CP"]
[Result "1/2-1/2"]
[WhiteElo "1964"]
[BlackElo "2043"]
[PlyCount "32"]
[EventDate "2014.07.26"]
[EventType "swiss"]
[EventRounds "7"]
[EventCountry "WLS"]
[SourceTitle "EXT 2017"]
[Source "ChessBase"]
[SourceDate "2016.10.25"]
[SourceVersion "1"]
[SourceVersionDate "2016.10.25"]
[SourceQuality "1"]

1. e4 e6 2. d3 d5 3. Qe2 dxe4 4. dxe4 b6 5. Nd2 Nf6 6. Ngf3 Bb7 7. g3 Nbd7 8. Bg2 Be7 9. 0-0 0-0 10. e5 Nd5 11. Ne4 Qc8 12. c4 Nb4 13. a3 Nc6 14. Bf4 a5 15. h4 a4 16. h5 Nc5 1/2-1/2

[Event "BCF-ch Seniors"]
[Site "Aberystwyth"]
[Date "2014.07.31"]
[Round "6"]
[White "Milnes, Anthony CP"]
[Black "Plater, Ronald"]
[Result "1/2-1/2"]
[WhiteElo "2043"]
[BlackElo "1897"]
[PlyCount "129"]
[EventDate "2014.07.26"]
[EventType "swiss"]
[EventRounds "7"]
[EventCountry "WLS"]
[SourceTitle "EXT 2017"]
[Source "ChessBase"]
[SourceDate "2016.10.25"]
[SourceVersion "1"]
[SourceVersionDate "2016.10.25"]
[SourceQuality "1"]

1. f4 d5 2. Nf3 Bf5 3. e3 e6 4. Be2 c5 5. 0-0 Nc6 6. d3 Nf6 7. Nh4 Be7 8. Nxf5 exf5 9. Bf3 0-0 10. Nc3 Re8 11. Ne2 Qd7 12. Ng3 Rad8 13. c3 g6 14. Qc2 h5 15. Re1 Ng4 16. Bd2 Bh4 17. Re2 Bxg3 18. hxg3 Nf6 19. Rae1 Re6 20. b4 c4 21. Bc1 b5 22. dxc4 dxc4 23. e4 fxe4 24. Bxe4 Nxe4 25. Rxe4 Rxe4 26. Qxe4 Qd5 27. Qxd5 Rxd5 28. Kf2 Nd8 29. Be3 a6 30. Bd4 Ne6 31. Re5 Rxe5 32. Bxe5 f5 33. Ke3 Kf7 34. Bb8 Ke7 35. Be5 Kd7 36. Bf6 Kc6 37. Bh8 Kd5 38. Bf6 Nf8 39. Be5 Nd7 40. Bd4 Ke6 41. Kf3 Nb8 42. Ke3 Nc6 43. Bb6 Kd6 44. Kf3 Ke6 45. Ke3 Kd5 46. Kf3 Nb8 47. Ke3 Nd7 48. Bd4 Nb8 49. Ba7 Nc6 50. Bb6 Ne7 51. Bd8 Nc8 52. Bc7 Kc6 53. Bb8 Nb6 54. Kd4 Na4 55. Be5 Nb2 56. Bb8 Nd3 57. Ba7 Nf2 58. Ke5 Ne4 59. Bd4 Nxg3 60. Kf6 Kd5 61. Kxg6 Ke4 62. Kg5 Ne2 63. Be5 Nc1 64. Kxh5 Nd3 65. g4 1/2-1/2

[Event "Muret Seniors op"]
[Site "Muret"]
[Date "2014.06.25"]
[Round "3"]
[White "Milnes, Anthony CP"]
[Black "De Lagontrie, Jean"]
[Result "1/2-1/2"]
[WhiteElo "2043"]
[BlackElo "1855"]
[PlyCount "50"]
[EventDate "2014.06.23"]
[EventType "swiss"]
[EventRounds "6"]
[EventCountry "FRA"]
[SourceTitle "EXT 2015"]
[Source "ChessBase"]
[SourceDate "2014.11.20"]
[SourceVersion "1"]
[SourceVersionDate "2014.11.20"]
[SourceQuality "1"]

1. f4 g6 2. Nf3 Bg7 3. e4 c5 4. Nc3 Nc6 5. Bb5 Nd4 6. 0-0 Nxb5 7. Nxb5 d5 8. e5 d4 9. c3 a6 10. Na3 d3 11. c4 Nh6 12. b3 0-0 13. Bb2 Bd7 14. Rc1 Bc6 15. Qe1 e6 16. Ng5 Nf5 17. Rc3 Qd4+ 18. Kh1 Rad8 19. Rc2 Qd7 20. Rc1 b6 21. Nb1 Qb7 22. Qf2 Rd7 23. Nc3 h6 24. Nf3 Rfd8 25. Nd1 h5 1/2-1/2

[Event "EU-ch Seniors 65 14th"]
[Site "Porto"]
[Date "2014.03.16"]
[Round "8"]
[White "Hutchinson, Norman A"]
[Black "Milnes, Anthony CP"]
[Result "1-0"]
[WhiteElo "2100"]
[BlackElo "2064"]
[PlyCount "101"]
[EventDate "2014.03.09"]
[EventType "swiss"]
[EventRounds "9"]
[EventCountry "POR"]
[SourceTitle "CBM 159 Extra"]
[Source "ChessBase"]
[SourceDate "2014.04.24"]
[SourceVersion "1"]
[SourceVersionDate "2014.04.24"]
[SourceQuality "1"]

1. e4 e6 2. d4 d5 3. Nd2 Nc6 4. Ngf3 Nf6 5. e5 Nd7 6. c3 f6 7. exf6 Qxf6 8. Bb5 Bd6 9. Nb3 0-0 10. 0-0 e5 11. Nc5 e4 12. Ng5 Nb6 13. Qh5 h6 14. Nh3 Ne7 15. f3 e3 16. g4 Nc4 17. Bxc4 dxc4 18. Bxe3 Qg6 19. Qxg6 Nxg6 20. Ne4 h5 21. Nxd6 cxd6 22. Ng5 hxg4 23. Ne4 d5 24. Nd6 gxf3 25. Bg5 b6 26. Kf2 Bf5 27. Kg3 Bd3 28. Rxf3 Rxf3+ 29. Kxf3 Rf8+ 30. Kg3 a6 31. Re1 Kh7 32. h4 Rf1 33. Rxf1 Bxf1 34. Nc8 b5 35. Nb6 Bd3 36. Nxd5 Be4 37. Nc7 Bb7 38. Ne6 Bd5 39. Nc7 Bb7 40. Bd8 Kg8 41. Kg4 Bc8+ 42. Kf3 Bb7+ 43. Ke3 Kf7 44. Bg5 Nf8 45. d5 Nd7 46. Kd4 Bc8 47. Ne6 Kg6 48. Nc5 Kf7 49. Ne4 Nb6 50. Nd6+ Kf8 51. Bd8 1-0

[Event "EU-ch Seniors 65 14th"]
[Site "Porto"]
[Date "2014.03.14"]
[Round "6"]
[White "Antao, Jorge"]
[Black "Milnes, Anthony CP"]
[Result "0-1"]
[WhiteElo "1873"]
[BlackElo "2064"]
[PlyCount "70"]
[EventDate "2014.03.09"]
[EventType "swiss"]
[EventRounds "9"]
[EventCountry "POR"]
[SourceTitle "CBM 159 Extra"]
[Source "ChessBase"]
[SourceDate "2014.04.24"]
[SourceVersion "1"]
[SourceVersionDate "2014.04.24"]
[SourceQuality "1"]

1. e4 e6 2. d4 d5 3. exd5 exd5 4. Bd3 Bd6 5. Qf3 c6 6. Ne2 Nf6 7. h3 Be6 8. Bg5 Nbd7 9. 0-0 h6 10. Bf4 Qc7 11. Re1 0-0-0 12. Nd2 g5 13. Bxd6 Qxd6 14. Qg3 Kc7 15. Nf1 Ne4 16. Qxd6+ Nxd6 17. Neg3 h5 18. Ne3 Nf6 19. Nef5 h4 20. Nxd6 hxg3 21. Nf5 gxf2+ 22. Kxf2 Ne4+ 23. Bxe4 dxe4 24. Ng3 f5 25. c3 Rhf8 26. b3 b5 27. b4 Rde8 28. a4 Kb6 29. a5+ Kc7 30. Nh5 Bd5 31. g3 f4 32. gxf4 gxf4 33. Rg1 e3+ 34. Ke1 f3 35. Rg7+ Kb8 0-1